Geometric aspects of Banach spaces : essays in honour of Antonio Plans

Αποθηκεύτηκε σε:
Λεπτομέρειες βιβλιογραφικής εγγραφής
Άλλοι συγγραφείς: Martin-Peinador, E. (Επιμελητής έκδοσης), Rodes, A. (Επιμελητής έκδοσης)
Μορφή: Βιβλίο
Γλώσσα:English
Δημοσίευση: Cambridge : Cambridge University Press, 1989.
Σειρά:London Mathematical Society lecture note series ; 140
Θέματα:
Ετικέτες: Προσθήκη ετικέτας
Δεν υπάρχουν, Καταχωρήστε ετικέτα πρώτοι!

MARC

LEADER 00000cam a2200000 i 4500
001 1/29343
008 960627s1989####enk| ||| |||| ||eng||
020 |a 0521367522 
035 |a 1995  |l 10038297 
040 |a GR-MY-UA  |b gre  |e aacr 
041 0 |a eng 
082 0 |a 515.732  
245 1 0 |a Geometric aspects of Banach spaces :   |b essays in honour of Antonio Plans /   |c edited by E. Martin-Peinador and A. Rodes.  
260 |a Cambridge :   |b Cambridge University Press,   |c 1989.  
300 |a 194 σ. ;   |c 23 εκ.  
490 1 |a (London Mathematical Society lecture note series   |v ; 140)  
500 |a The collection of papers contained in this book is intended to be a warm homage to Antonio Plans, on the occasion of his 65 th. birthday, which at present in Spain marks the point of retirement from dynamic undergraduate teaching. 
504 |a Περιέχει βιβλιογραφικές αναφορές και ευρετήριο.  
600 1 0 |a Plans, Antonio. 
650 0 0 |a Banach spaces. 
700 1 |a Martin-Peinador, E.  |e edt 
700 1 |a Rodes, A.  |e edt 
830 0 |a London Mathematical Society lecture note series ;  |v  140 
852 |a INST  |b SAMOS  |e 19960627  |h 515.732 GEO  |p 005300005398  |q 005300005398  |t BK  |y 0 
909 |a Σ  |b 041382